<?xml version="1.0" encoding="UTF-8"?>
<record
    xmlns:xsi="http://www.w3.org/2001/XMLSchema-instance"
    xsi:schemaLocation="http://www.loc.gov/MARC21/slim http://www.loc.gov/standards/marcxml/schema/MARC21slim.xsd"
    xmlns="http://www.loc.gov/MARC21/slim">

  <leader>00990nam a22002417a 4500</leader>
  <controlfield tag="005">20241218123832.0</controlfield>
  <datafield tag="010" ind1=" " ind2=" ">
    <subfield code="a">B-746602-606                      E.N.A. / 7.11.22 ENG-143078</subfield>
  </datafield>
  <datafield tag="020" ind1=" " ind2=" ">
    <subfield code="a">9789355012760</subfield>
    <subfield code="c">1375.00</subfield>
  </datafield>
  <datafield tag="035" ind1=" " ind2=" ">
    <subfield code="a">B-746602-606</subfield>
  </datafield>
  <datafield tag="035" ind1=" " ind2=" ">
    <subfield code="a">EN-126610</subfield>
  </datafield>
  <datafield tag="037" ind1=" " ind2=" ">
    <subfield code="b">Aakar</subfield>
  </datafield>
  <datafield tag="082" ind1=" " ind2=" ">
    <subfield code="a">541.3</subfield>
  </datafield>
  <datafield tag="100" ind1=" " ind2=" ">
    <subfield code="a">Bahl, Arun</subfield>
    <subfield code="9">75357</subfield>
  </datafield>
  <datafield tag="245" ind1=" " ind2=" ">
    <subfield code="a">Essentials of Physical Chemistry SI Units:</subfield>
    <subfield code="b">For BSc Students/</subfield>
    <subfield code="c">By Arun Bahl. ..[et.al]</subfield>
  </datafield>
  <datafield tag="250" ind1=" " ind2=" ">
    <subfield code="a">28th</subfield>
  </datafield>
  <datafield tag="260" ind1=" " ind2=" ">
    <subfield code="a">New Delhi</subfield>
    <subfield code="b">S Chand And Company Limited</subfield>
    <subfield code="c">2022</subfield>
  </datafield>
  <datafield tag="270" ind1=" " ind2=" ">
    <subfield code="a">Block B-1,House No.D-1, Ground Floor,Mohan Co-operative Industrial Estate</subfield>
    <subfield code="b">New Delhi</subfield>
    <subfield code="e">110044</subfield>
    <subfield code="k">011-66672000</subfield>
    <subfield code="m">info@schandpublishing.com</subfield>
  </datafield>
  <datafield tag="300" ind1=" " ind2=" ">
    <subfield code="a">1222p</subfield>
    <subfield code="c">24cm(hbk)</subfield>
  </datafield>
  <datafield tag="700" ind1=" " ind2=" ">
    <subfield code="a">Bahi, S B</subfield>
    <subfield code="9">75358</subfield>
  </datafield>
  <datafield tag="700" ind1=" " ind2=" ">
    <subfield code="a">Tuli, D G</subfield>
    <subfield code="9">75359</subfield>
  </datafield>
  <datafield tag="942" ind1=" " ind2=" ">
    <subfield code="2">ddc</subfield>
    <subfield code="c">EN</subfield>
    <subfield code="m">BAH</subfield>
    <subfield code="h">541.3</subfield>
  </datafield>
  <datafield tag="999" ind1=" " ind2=" ">
    <subfield code="c">193765</subfield>
    <subfield code="d">193765</subfield>
  </datafield>
  <datafield tag="952" ind1=" " ind2=" ">
    <subfield code="0">0</subfield>
    <subfield code="1">0</subfield>
    <subfield code="4">0</subfield>
    <subfield code="7">0</subfield>
    <subfield code="8">NFIC</subfield>
    <subfield code="a">L</subfield>
    <subfield code="b">L</subfield>
    <subfield code="d">2023-01-27</subfield>
    <subfield code="e">Aakar Books/I-2244/28.11.22/142/23.11.22/2.12.22</subfield>
    <subfield code="g">1375.00</subfield>
    <subfield code="l">4</subfield>
    <subfield code="m">3</subfield>
    <subfield code="o">541.3 BAH</subfield>
    <subfield code="p">B-746602</subfield>
    <subfield code="r">2024-06-07 00:00:00</subfield>
    <subfield code="s">2024-05-22</subfield>
    <subfield code="t">1</subfield>
    <subfield code="v">1375.00</subfield>
    <subfield code="w">2023-01-27</subfield>
    <subfield code="y">EN</subfield>
  </datafield>
  <datafield tag="952" ind1=" " ind2=" ">
    <subfield code="0">0</subfield>
    <subfield code="1">0</subfield>
    <subfield code="4">0</subfield>
    <subfield code="7">0</subfield>
    <subfield code="8">NFIC</subfield>
    <subfield code="a">BL1</subfield>
    <subfield code="b">BL1</subfield>
    <subfield code="d">2023-01-27</subfield>
    <subfield code="e">Aakar Books/I-2244/28.11.22/142/23.11.22/2.12.22</subfield>
    <subfield code="g">1375.00</subfield>
    <subfield code="l">4</subfield>
    <subfield code="m">3</subfield>
    <subfield code="o">541.3 BAH</subfield>
    <subfield code="p">B-746603</subfield>
    <subfield code="r">2023-10-26 00:00:00</subfield>
    <subfield code="s">2023-10-04</subfield>
    <subfield code="t">1</subfield>
    <subfield code="v">1375.00</subfield>
    <subfield code="y">EN</subfield>
  </datafield>
  <datafield tag="952" ind1=" " ind2=" ">
    <subfield code="0">0</subfield>
    <subfield code="1">0</subfield>
    <subfield code="4">0</subfield>
    <subfield code="7">0</subfield>
    <subfield code="8">NFIC</subfield>
    <subfield code="a">ZLS</subfield>
    <subfield code="b">ZLS</subfield>
    <subfield code="d">2023-01-27</subfield>
    <subfield code="e">Aakar Books/I-2244/28.11.22/142/23.11.22/2.12.22</subfield>
    <subfield code="g">1375.00</subfield>
    <subfield code="l">1</subfield>
    <subfield code="o">541.3 BAH</subfield>
    <subfield code="p">B-746604</subfield>
    <subfield code="r">2023-10-16 00:00:00</subfield>
    <subfield code="s">2023-06-01</subfield>
    <subfield code="t">1</subfield>
    <subfield code="v">1375.00</subfield>
    <subfield code="y">EN</subfield>
  </datafield>
  <datafield tag="952" ind1=" " ind2=" ">
    <subfield code="0">0</subfield>
    <subfield code="1">0</subfield>
    <subfield code="4">0</subfield>
    <subfield code="7">0</subfield>
    <subfield code="8">NFIC</subfield>
    <subfield code="a">BN</subfield>
    <subfield code="b">BN</subfield>
    <subfield code="d">2023-01-27</subfield>
    <subfield code="e">Aakar Books/I-2244/28.11.22/142/23.11.22/2.12.22</subfield>
    <subfield code="g">1375.00</subfield>
    <subfield code="l">3</subfield>
    <subfield code="o">541.3 BAH</subfield>
    <subfield code="p">B-746605</subfield>
    <subfield code="r">2024-05-06 00:00:00</subfield>
    <subfield code="s">2024-04-20</subfield>
    <subfield code="t">1</subfield>
    <subfield code="v">1375.00</subfield>
    <subfield code="y">EN</subfield>
  </datafield>
  <datafield tag="952" ind1=" " ind2=" ">
    <subfield code="0">0</subfield>
    <subfield code="1">0</subfield>
    <subfield code="4">0</subfield>
    <subfield code="7">0</subfield>
    <subfield code="8">NFIC</subfield>
    <subfield code="a">BL4</subfield>
    <subfield code="b">BL4</subfield>
    <subfield code="d">2023-01-27</subfield>
    <subfield code="e">Aakar Books/I-2244/28.11.22/142/23.11.22/2.12.22</subfield>
    <subfield code="g">1375.00</subfield>
    <subfield code="l">3</subfield>
    <subfield code="m">2</subfield>
    <subfield code="o">541.3 BAH</subfield>
    <subfield code="p">B-746606</subfield>
    <subfield code="r">2025-03-26 00:00:00</subfield>
    <subfield code="s">2025-03-12</subfield>
    <subfield code="t">1</subfield>
    <subfield code="v">1375.00</subfield>
    <subfield code="y">EN</subfield>
  </datafield>
  <datafield tag="952" ind1=" " ind2=" ">
    <subfield code="0">0</subfield>
    <subfield code="1">0</subfield>
    <subfield code="4">0</subfield>
    <subfield code="7">0</subfield>
    <subfield code="8">NFIC</subfield>
    <subfield code="a">KGM</subfield>
    <subfield code="b">KGM</subfield>
    <subfield code="d">2024-12-18</subfield>
    <subfield code="e">Delivery of Books Division</subfield>
    <subfield code="g">1375.00</subfield>
    <subfield code="l">0</subfield>
    <subfield code="o">BAH 541.3</subfield>
    <subfield code="p">EN-126610</subfield>
    <subfield code="r">2024-12-18 00:00:00</subfield>
    <subfield code="t">1</subfield>
    <subfield code="v">1375.00</subfield>
    <subfield code="w">2024-12-18</subfield>
    <subfield code="y">EN</subfield>
  </datafield>
</record>
